00514nam a22001577a 450000500170000001000150001702000260003203500140005803700130007208200140008510000180009924501080011726000550022527000560028030000200033620220816152210.0 aENG-134391 a9788179122259c250.00 aEN-117923 bDBAD/PUB a297.86092 aAdamson, Iain aAhmad The Guided One:bA Life Of The Holy Founder Of The Movement To Unite All Religions/clain Adamson aSurreybIslam International Publications Ltdc2009 aIslamabad, Sheephatch Lane Tilford, FarnhambSurrey a371p.c22cm(hb)